LEADER 01530nam2 22002891i 450 001 UON00043856 005 20231205102157.665 100 $a20020107g19201925 |0itac50 ba 101 $aeng$aPER$aARA 102 $aIN 105 $a|||| 1|||| 200 1 $aTradition$fprepared by Maulavi Abdul Hamid 210 $aPatna$cSuperintendent Government Printing$d1920-1925 215 $a2 v.$d24 cm. 316 $aInv. v. II = 30594$5IT-UONSI VOGENC I/008 (05.1) 461 1$1001UON00043849$12001 $aCatalogue of the arabic and persian manuscripts in the Oriental Public Library at Bankipore$fprepared under the supervision of E. Denison Ross$1210 $aCalcutta$cBengal Secretariat Book Depot ; [poi] Patna$cSuperintendent Government Printing$d1908- $1215 $a v.$d25 cm.$v5 (1-2) 606 $aMANOSCRITTI ARABI$xCataloghi$3UONC000767$2FI 620 $aIN$dPat?ana?$3UONL000436 686 $aVO GEN C I$cVICINO ORIENTE - CATALOGHI - GENERALIA$2A 702 1$aHAMID$bMaulavi Abdul$3UONV027807 712 $aSuperintendent Government Printing$3UONV247217$4650 801 $aIT$bSOL$c20240220$gRICA 912 $aUON00043856 950 $aSIBA - SISTEMA BIBLIOTECARIO DI ATENEO$dSI VO GEN C I 008 (05.1) $eSI SA 30593 7 008 (05.1) Inv. v. II = 30594 950 $aSIBA - SISTEMA BIBLIOTECARIO DI ATENEO$dSI VO GEN C I 008 (05.2) $eSI SA 30594 7 008 (05.2) 996 $aTradition$9454695 997 $aUNIOR